000 00447nam a2200193Ia 4500
005 20240823010359.0
008 240823s9999||||xx |||||||||||||| ||und||
041 _aENGLISH
082 _A620.1 P0
100 _aTimoshenko S P
245 0 _aMechanics of Materials
250 _a2nd
260 _c2000
_b"CBS,New Delhi"
500 _aYES
650 _aMechanics
_bMechanical
700 _a" Gere,James M"
942 _cBK
999 _c158457
_d158457